000 00328 a2200145 4500
001 169348
020 _a
040 _cMagnum
100 _aSalovey, Peter (Org.)
240 1 0 _aInteligencia emocional da crianca
_lpor
245 1 0 _aInteligencia emocional da crianca
362 0 _a1899
697 _aSEM ASSUNTO
942 _cBK
999 _c169348
_d169348